Statistiques concernant Cinquante nuances de fruits

Cliquez ici pour prendre le quiz!

Statistiques générales

  • Ce quiz a été pris 6 fois
  • Le résultat moyen est 8 sur 29

Statistiques - réponses

HintRéponse% Correct
En quelle année a sombré le Titanic ?1912
60%
Comment s'appellent les deux personnages principaux de Twilight ?Bella
60%
Edward
60%
Zayn
60%
Par quelle musique a commencé le concert d'Harry Styles ?Daydreaming
40%
Cite les 5 membres des one directionHarry
40%
Liam
40%
Louis
40%
Niall
40%
Le plus beau pays du monde en toute objectivité bien surPortugal
40%
Ben
20%
Billy
20%
Camila
20%
Qui sont les personnages de Daisy Jones and the six qui apparaissent en premier sur google ?Daisy
20%
Quand avons nous été au concert d'angèle ( mois et année )décembre 2023
20%
Comment s'appellent les personnages principaux de November 9 ?Fallon
20%
Graham
20%
Harry styles
20%
Jack
20%
Nekfeu
20%
Comment s'appellent les deux jeunes de Demain nous appartient que j'adore mes viesRyan
20%
Qui sont mes 3 crush célèbres ultimesTom Holland
20%
Le dernier film dans mon diapo des films que je te conseillaisTout nous sépare
20%
Comment s'appelle le mec d'amal ?Yamin
20%
Combien as tu de followers sur ton compte lectrice de minuit ?615
0%
Karen
0%
Quelle musique étais tu en train d'écouter avant d'arrêter Spotify ?Lana Del rey
0%
Say yes to heaven
0%
Warren
0%

Distribution des résultats

Percentile par nombre de réponses

% des personnes avec chaque résultat

Votre développement - résultats

Vous n’avez pas pris ce quiz